| 000 | 01116cam a22003015a 4500 | ||
|---|---|---|---|
| 001 | 17534983 | ||
| 005 | 20160523135747.0 | ||
| 008 | 121119s2013 enka frbf 001 0 eng d | ||
| 020 | _a9780857094988 | ||
| 040 |
_aBTCTA _beng _cBTCTA _dYDXCP _dCDX _dBWK _dYNK _dOCLCO _dBWX _dCUV _dBDX _dDLC _dEG-ScBUE |
||
| 082 | 0 | 4 |
_222 _a665.776 _bBIO |
| 245 | 0 | 4 |
_aThe biogas handbook : _bscience, production and applications / _cedited by Arthur Wellinger, Jerry Murphy and David Baxter. |
| 260 |
_aCambridge : _bWoodhead Publishing Limited, _c2013. |
||
| 300 |
_axxx, 476 p. : _bill. ; _c25 cm. |
||
| 490 | 0 |
_aWoodhead publishing series in energy ; _vnumber 52. |
|
| 500 | _a"IEA Bioenergy." | ||
| 500 | _aIndex : p. 463-476. | ||
| 504 | _aIncludes bibliographical references. | ||
| 650 | 7 |
_aBiogas _vHandbooks, manuals, etc. _2BUEsh _940069 |
|
| 650 | 7 |
_aBiomass energy _vHandbooks, manuals, etc. _2BUEsh _940070 |
|
| 651 | _2BUEsh | ||
| 653 |
_bENGMEC _cMay2016 |
||
| 655 |
_vReading book _934232 |
||
| 700 | 1 |
_aWellinger, A., _eeditor. |
|
| 700 | 1 |
_aMurphy, Jerry, _eeditor. |
|
| 700 | 1 |
_aBaxter, David, _eeditor. |
|
| 942 | _2ddc | ||
| 999 |
_c21799 _d21771 |
||